Normal view
MARC view
- Aslam Rana
Entry Personal Name
001 - CONTROL NUMBER
- control field: 16935
003 - CONTROL NUMBER IDENTIFIER
- control field: NUST
005 - DATE AND TIME OF LATEST TRANSACTION
- control field: 20190706151513.0
008 - FIXED-LENGTH DATA ELEMENTS
- fixed length control field: 190706|| aca||aabn | a|a d
040 ## - CATALOGING SOURCE
- Original cataloging agency: NUST
- Transcribing agency: NUST
100 ## - HEADING--PERSONAL NAME
- Personal name: Aslam Rana
670 ## - SOURCE DATA FOUND
- Source citation: Work cat.: (NUST): Aslam Rana, Adaba kahani /, 1979.
